000 00646nam a2200217 i 4500
001 106772
003 ES-MaACL
005 20250702193900.0
007 t|
008 061222s1992 fr ||||1| fre d
020 _a2-262-00774-8
080 _a94(44)"1799/1815"
100 1 _aBertaud, Jean-Paul.
_928422
245 1 0 _aHistoire du Consulat et de l'Empire
_b: chronologie commentée 1799-1815 /
_cJean-Paul Bertaud.
260 _aParis :
_bPerrin,
_c[1992]
300 _a336 p. ;
_c20 cm.
500 _aBiblioteca Jacinto Martínez Lacalle.
650 4 _a
_9241180
852 _aES-MaACL
_jE-11464
_bR.139618
999 _c106772
_d106772